logo

Bir Sreshtho Munshi Abdur Rouf Library
Jhenaidah Cadet College

রাজশাহীর ইতিহাসঃ (Record no. 4680)

MARC details
000 -LEADER
fixed length control field 00759nam a22002297a 4500
001 - CONTROL NUMBER
JCCL Control Number 4680
003 - CONTROL NUMBER IDENTIFIER
JCCL marc code BD-JhCC
005 - DATE AND TIME OF LATEST TRANSACTION
control field 20171129185854.0
008 - FIXED-LENGTH DATA ELEMENTS--GENERAL INFORMATION
fixed length control field 171129s1965 bg aod|| |||| 000 0 ben d
035 ## - SYSTEM CONTROL NUMBER
system control number (BD-JhCC)4680
040 ## - CATALOGING SOURCE
Original cataloging agency BD-JhCC
Modifying agency BD-JhCC
041 ## - LANGUAGE CODE
Language code of Book ben
082 ## - DEWEY DECIMAL CLASSIFICATION NUMBER
Classification number 954.92
Author mark and Year MIS 1965
100 ## - MAIN ENTRY--PERSONAL NAME
Personal name মিছের, কাজী মোঃ
245 ## - TITLE STATEMENT
Title রাজশাহীর ইতিহাসঃ
Remainder of title ১ম খণ্ড /
Statement of responsibility, etc কাজী মোঃ মিছের
260 ## - PUBLICATION, DISTRIBUTION, ETC. (IMPRINT)
Place of publication, distribution, etc ঢাকা :
Name of publisher, distributor, etc নওরোজ কিতাবিস্তান,
Date of publication, distribution, etc ১৯৬৫.
300 ## - PHYSICAL DESCRIPTION
Pagination ২৪২ পৃ. :
Other physical details ill. ;
Dimensions ২২ সেমি.
504 ## - BIBLIOGRAPHY, ETC. NOTE
Bibliography, etc Includes Maps and Photos
650 ## - SUBJECT ADDED ENTRY--TOPICAL TERM
Topical term or geographic name as entry element Rajshahi
Geographic subdivision Bangladesh
942 ## - ADDED ENTRY ELEMENTS (KOHA)
Source of classification or shelving scheme Dewey Decimal Classification
Koha item type Books
Holdings
Source of classification or shelving scheme volume number Damaged status Not for loan Home library Current library Shelving location Date of accession Cost, normal purchase price Total Checkouts Full call number Barcode Date last seen Copy number Koha item type
Dewey Decimal Classification V-1     JCC Rouf Library JCC Rouf Library General Stacks 11/29/2017 8.00   954.92 MIS 1965 6590 11/29/2017 C - 1 Books

JCC Library | Contacts | JCC Home

Last Update on 23 September 2017
Copyright @ 2017-2020 JCC Rouf Library
Rouf Library, Jhenidah Cadet College (JCC), Bangladesh